[Event "St Chely d'Aubrac op 8th"]
[Site "St Chely d'Aubrac"]
[Date "2008.07.19"]
[Round "9"]
[White "Darnis, Lucas"]
[Black "Paris, Yannick"]
[Result "0-1"]
[WhiteElo "1310"]
[BlackElo "1793"]
[PlyCount "124"]
[EventDate "2008.07.13"]
[EventType "swiss"]
[EventRounds "9"]
[EventCountry "FRA"]
[SourceTitle "CBM 125 Extra"]
[Source "ChessBase"]
[SourceDate "2008.09.01"]
[SourceVersion "1"]
[SourceVersionDate "2008.09.01"]
[SourceQuality "1"]

1. e4 d5 2. Nc3 d4 3. Nce2 e5 4. d3 Bg4 5. h3 Qh4 6. g3 Qh5 7. Bg2 Bxe2 8. Qxe2 Bb4+ 9. Bd2 Qxe2+ 10. Nxe2 Nc6 11. Bxb4 Nxb4 12. c3 Nc2+ 13. Kd2 Nxa1 14. Rxa1 c5 15. cxd4 cxd4 16. Rc1 Kd8 17. f4 f6 18. Rc5 Rc8 19. Rd5+ Ke8 20. fxe5 Ne7 21. Rxd4 fxe5 22. Rb4 Rc7 23. Rb5 Nc6 24. h4 Ke7 25. Bh3 Rd8 26. Bf1 a6 27. Rb3 Nd4 28. Nxd4 Rxd4 29. Rb6 Rd6 30. Rb3 Rdc6 31. Ke3 Rc1 32. Be2 Kd6 33. d4 exd4+ 34. Kxd4 b5 35. Rb4 R7c2 36. e5+ Ke7 37. Bd3 Rd2 38. Rb3 Rcc2 39. Ke3 Rxb2 40. Rxb2 Rxb2 41. a3 Rb3 42. a4 bxa4 43. Kd4 Rxd3+ 44. Kxd3 Ke6 45. Kc4 Kxe5 46. Kb4 Kf5 47. Kxa4 Kg4 48. Ka5 Kxg3 49. Kxa6 Kxh4 50. Kb7 g5 51. Kc6 g4 52. Kd5 g3 53. Ke4 g2 54. Kf3 g1Q 55. Kf4 Qd4+ 56. Kf5 Kh5 57. Ke6 Kg6 58. Ke7 Qf6+ 59. Ke8 Qf7+ 60. Kd8 Qb7 61. Ke8 Qc7 62. Kf8 Qd8# 0-1

[Event "St Chely d'Aubrac op 8th"]
[Site "St Chely d'Aubrac"]
[Date "2008.07.16"]
[Round "5"]
[White "Paris, Yannick"]
[Black "Duffau, Pascal"]
[Result "1/2-1/2"]
[WhiteElo "1793"]
[BlackElo "2019"]
[PlyCount "98"]
[EventDate "2008.07.13"]
[EventType "swiss"]
[EventRounds "9"]
[EventCountry "FRA"]
[SourceTitle "CBM 125 Extra"]
[Source "ChessBase"]
[SourceDate "2008.09.01"]
[SourceVersion "1"]
[SourceVersionDate "2008.09.01"]
[SourceQuality "1"]

1. e4 e6 2. d4 d5 3. e5 c5 4. c3 Qb6 5. Nf3 Bd7 6. Be2 Nc6 7. 0-0 cxd4 8. cxd4 Nh6 9. b3 Nf5 10. Bb2 Be7 11. g4 Nh6 12. h3 f6 13. Qd2 Nf7 14. Kg2 0-0 15. Na3 fxe5 16. dxe5 Ncxe5 17. Nxe5 Nxe5 18. Nc2 Nc6 19. f4 Rad8 20. Rad1 Bf6 21. Nd4 Nxd4 22. Bxd4 Bxd4 23. Qxd4 Qxd4 24. Rxd4 Rc8 25. Bd3 Rc3 26. Rf3 Rfc8 27. Rb4 b6 28. Kf2 Rc1 29. Ke2 h6 30. Kd2 Kf7 31. Ke3 Ke7 32. Kd4 Kd6 33. Bg6 Rf8 34. a4 Rf6 35. Bd3 g5 36. Ke3 gxf4+ 37. Rfxf4 Rxf4 38. Rxf4 Rh1 39. Bf1 e5 40. Rf2 d4+ 41. Kd3 Rg1 42. Rf6+ Kd5 43. Rf7 Be6 44. Rf2 Rg3+ 45. Kc2 a5 46. Bc4+ Kd6 47. Rf6 Rc3+ 48. Kd2 Rxc4 49. bxc4 e4 1/2-1/2